000 00445cam a2200181 4500
001 D5144
008 090401t1984 xxu||||| |||| 00| 0 eng d
035 _a(Sirsi) u35605
041 _aeng
050 _a333.33065
110 _aGreat Portland Estates PLC
_91525
245 4 _aThe first twenty-five years
260 _aLondon
_bGreat Portland Estates
_c1984
300 _a15p. illus. 30cm
350 _a0
942 _n0
948 _c04/03/1997
999 _c90131
_d90131